000 00288nam a22001337a 4500
008 170802b xxu||||| |||| 00| 0 eng d
020 _a0070522618
041 _aeng
080 _a004
100 _a32
101 _aSHKI
245 _aARTIFICIAL INTELLIGENCE
_cRICH, E
942 _2udc
_cBK
999 _c22560
_d22560